000 00588nam a2200217Ia 4500
003 GCL
005 20240530095751.0
008 140319s9999 xx 000 0 eng d
040 _aGCL /
_cGCL
082 0 4 _a305.90816
_bZ D
100 1 _aZINLIN, POOM
245 1 0 _aDISABLED CHILDREN AND DEVELOPING COUNTRIES /
_cZINLIN, POOM
260 _a[S.N] :
_bCAMBRIDGE UNIVERSITY PRESS ،
_c1995
300 _a238 P
650 0 4 _aCHILDREN
650 0 4 _aSOCIAL SCIENCE
650 0 4 _aDEVELOPMENTAL DISABILITES
650 0 4 _aDISABILITIES
700 1 _aMACCONACHIE, HELEN
942 _2ddc
_cBK
999 _c10439
_d10439